Statistics for Extremely Specific Random Knowledge

Click here to take the quiz!

General Stats

  • This quiz has been taken 36 times
  • The average score is 12 of 34

Answer Stats

HintAnswer% Correct
In Ancient Egyptian hieroglyphic, what consonant sound is represented by a horned viper?f
83%
What is 150 in radians?5π/6
80%
In a standard game of scrabble, how many "e" tiles are there?12
77%
Which billiard ball has a green stripe?14
77%
What is the third number in the title of the new Lil Uzi Vert song? (late 2019)2
73%
What is a group of crows called?Murder
70%
"Keep the change, ya ____ _____!"filthy animal
67%
What is the second smallest country in the world?Monaco
63%
What are the generic movement buttons in PC games? (not arrow keys)WASD
63%
How many vertical stripes are there on the Liberian flag (as of 2020)0
53%
How many varieties of Heinz tomato ketchup are there?57
40%
Jones BBQ and _____ _______"foot massage
40%
And the other?John
40%
Spell that long word from Mary Poppins CORRECTLY (Do not copy and paste)Supercalifragilisticexpialidocious
40%
What is 69 in Hexadecimal?45
33%
How many Calories are in 1 serving of Welch's Fruit Snacks?80
27%
Atwhay anguagelay isyay isthay?Igpay Atinlay
27%
What is the top-level domain of "https://www.student.cbsd.org"?.org
27%
How many crayola crayon colors are there?120
20%
The first name of Emperor PalpatineSheev
20%
Who composed the symphony "From the New World"? (spell the name right)Antonin Dvorak
17%
Who wrote the song "Lalala"?bbno$
17%
Name one of the Friars from Romeo and JulietLawrence
17%
Who made this song: Never Go Full RetardShotgun Willy
17%
Name a female first name that was also the name of an Apple computerLisa
13%
What is Hugh Grant's middle name?Mungo
13%
I know a song that gets on everybody's nerves, everybody's nerves, everybody's nerves. I know a song that gets on everybody's nerves and ____ __ ___ __ ____.this is how it goes
13%
Maiden Name of the 19th First Lady (of the United States)Webb
13%
51380_ _?08
10%
How many total medals did the United States win in the 1984 Summer Olympics?174
10%
What does CVS stand for?Consumer Value Store
10%
Who forged Thanos's infinity gauntlet?Eitri
7%
The first well known "lil" rapperLil Cease
7%
How do you say "You are my slave" in Latin?Tu servus meus es
3%

Score Distribution

Percentile by Number Answered

Percent of People with Each Score

Your Score History

You have not taken this quiz